Construction industry training grants (Record no. 73394)

MARC details
000 -LEADER
fixed length control field 00912cam a2200193 4500
001 - CONTROL NUMBER
control field WB3934-26
008 - FIXED-LENGTH DATA ELEMENTS--GENERAL INFORMATION
fixed length control field 030911n2003 000 0 eng u
035 ## - SYSTEM CONTROL NUMBER
System control number (Sirsi) u123566
245 ## - TITLE STATEMENT
Title Construction industry training grants
260 ## - PUBLICATION, DISTRIBUTION, ETC.
Date of publication, distribution, etc. 2003
490 ## - SERIES STATEMENT
Series statement RICS Business
Volume/sequential designation September 2003, 4(1)
520 ## - SUMMARY, ETC.
Summary, etc. A total of £86.5m in training grants is available to construction companies for 2003-04. This is the result of a shake-up of the grant scheme announced by the Construction Industry Training Board (CITB). This has provided an extra £11.5m on top of last year's funding which is a substantial increase of 15%. For detail of the grants scheme: http://www.citb.org.uk/grant/grant_scheme/default.asp
590 ## - LOCAL NOTE (RLIN)
Local note WB
650 ## - SUBJECT ADDED ENTRY--TOPICAL TERM
Topical term or geographic name entry element CONSTRUCTION INDUSTRY TRAINING BOARD
650 ## - SUBJECT ADDED ENTRY--TOPICAL TERM
Topical term or geographic name entry element CONSTRUCTION COMPANIES
650 ## - SUBJECT ADDED ENTRY--TOPICAL TERM
Topical term or geographic name entry element TRAINING GRANTS
690 ## - LOCAL SUBJECT ADDED ENTRY--TOPICAL TERM (OCLC, RLIN)
Topical term or geographic name as entry element TRAINING AND CAREER DEVELOPMENT
942 ## - ADDED ENTRY ELEMENTS (KOHA)
Suppress in OPAC 0
Holdings
Withdrawn status Lost status Source of classification or shelving scheme Damaged status Not for loan Home library Current library Shelving location Date acquired Total Checkouts Full call number Barcode Date last seen Copy number Price effective from Koha item type
    Dewey Decimal Classification     London London News article 11/09/2003   WB3934-26 123566-1001 06/08/2019 1 06/08/2019 News article